000
00316 a2200157 4500
001
62751
020
_a
9788561384326
040
_c
Anchieta - Pituba
100
_a
Gordon, Rodorick
240
1
0
_a
Túneis
_l
por
245
1
0
_a
Túneis
300
_a
478
362
0
_a
2007
650
4
_a
Ficção inglesa
942
_c
BK
999
_c
62751
_d
62751